[Event "Barcelona Sant Marti op-B 22nd"]
[Site "Barcelona"]
[Date "2022.07.17"]
[Round "5"]
[White "Le Blevec, Yelisey"]
[Black "Wu, Yugong"]
[Result "0-1"]
[WhiteElo "1421"]
[BlackElo "1652"]
[PlyCount "90"]
[EventDate "2022.07.13"]
[EventType "swiss"]
[EventRounds "9"]
[EventCountry "ESP"]
[SourceTitle "CBM 210 Extra"]
[Source "ChessBase"]
[SourceDate "2022.11.30"]
[SourceVersion "1"]
[SourceVersionDate "2022.11.30"]
[SourceQuality "1"]

1. e4 c5 2. Nf3 d6 3. d4 cxd4 4. Nxd4 Nf6 5. Nc3 a6 6. Bc4 e6 7. Be3 Be7 8. f3 Qc7 9. Bb3 Nc6 10. Qd2 Bd7 11. g4 h6 12. 0-0-0 Nxd4 13. Qxd4 Bc6 14. h4 Nd7 15. g5 hxg5 16. hxg5 Rg8 17. g6 Nc5 18. gxf7+ Kxf7 19. Kb1 Nxb3 20. cxb3 Bf6 21. Qxd6 Qxd6 22. Rxd6 Rh8 23. Rdd1 g6 24. Bb6 Rh5 25. Rxh5 gxh5 26. Na4 h4 27. Bc7 h3 28. Bh2 Rg8 29. Nc3 Rg2 30. Rh1 Rf2 31. f4 Bxc3 32. bxc3 Bxe4+ 33. Kc1 Bxh1 34. Bg3 Rxa2 35. Kb1 Re2 36. Kc1 h2 37. Kd1 Bf3 38. Bxh2 Rxh2+ 39. Ke1 Kf6 40. Kf1 Kf5 41. Kg1 Re2 42. Kf1 Kxf4 43. Kg1 Kg3 44. Kf1 Rd2 45. Ke1 Rd1# 0-1

[Event "Xativa Murta op 5th"]
[Site "Xativa"]
[Date "2019.07.20"]
[Round "8"]
[White "Porras Boronat, German"]
[Black "Wu, Yugong"]
[Result "1/2-1/2"]
[WhiteElo "1463"]
[BlackElo "1404"]
[PlyCount "61"]
[EventDate "2019.07.15"]
[EventType "swiss"]
[EventRounds "9"]
[EventCountry "ESP"]
[SourceTitle "EXT 2020"]
[Source "ChessBase"]
[SourceDate "2019.10.17"]
[SourceVersion "1"]
[SourceVersionDate "2019.10.17"]
[SourceQuality "1"]

1. e4 e5 2. Nf3 Nc6 3. Bb5 a6 4. Ba4 Nf6 5. 0-0 Be7 6. Re1 b5 7. Bb3 d6 8. c3 0-0 9. h3 Na5 10. Bc2 c5 11. d4 Qc7 12. Nbd2 Bd7 13. Nf1 Nc4 14. b3 Nb6 15. Ng3 c4 16. b4 Rfd8 17. d5 h6 18. Be3 Bf8 19. Qd2 a5 20. a3 Ra6 21. Reb1 Rda8 22. Qe1 axb4 23. axb4 Ra2 24. Qc1 Rxa1 25. Rxa1 Na4 26. Bxa4 bxa4 27. Nd2 Qc8 28. Nb1 Ne8 29. Na3 Qa6 30. Nf1 f5 31. f3 1/2-1/2